|
|
|
|
| LEADER |
00000nam0a2200000 4500 |
| 001 |
342316 |
| 005 |
20231102005435.0 |
| 010 |
|
|
|a 9785946217217
|
| 035 |
|
|
|a (RuTPU)RU\TPU\book\371044
|
| 090 |
|
|
|a 342316
|
| 100 |
|
|
|a 20190124d2018 k y0rusy50 ca
|
| 101 |
0 |
|
|a rus
|
| 102 |
|
|
|a RU
|
| 105 |
|
|
|a a z 001zb
|
| 200 |
1 |
|
|a Василий Маркович Флоринский - основатель библиотеки Томского университета
|f Г. И. Колосова
|g Томский государственный университет (ТГУ), Научная библиотека
|
| 210 |
|
|
|a Томск
|c Издательский Дом ТГУ
|d 2018
|
| 215 |
|
|
|a 128 с.
|c ил.
|
| 317 |
|
|
|5 63413507: 19-51
|a Получен в дар от ОРКП НБ ТГУ
|
| 320 |
|
|
|a Имен. указ.: с. 121-126
|
| 330 |
|
|
|a Имя Василия Марковича Флоринского (1834-1899), одного из замечательных деятелей народного образования России конца XIX столетия, неразрывно связано с учреждением, созданием и открытием в Томске первого сибирского университета. Данная книга посвящена деятельности В.М. Флоринского по созданию первоначального фонда университетской библиотеки, её обустройству, дальнейшему приобретению книг, по организации подготовки и издания каталогов. Благодаря его стараниям к открытию университета в 1888 г. в фонде библиотеки уже находилось более 96 тысяч томов. Поэтому его по праву можно считать основателем университетской библиотеки. В книгу включены также копии отдельных фотографий, относящихся к деятельности В.М. Флоринского по формированию первоначального фонда университетской библиотеки. Для всех, интересующихся начальной историей создания библиотеки Томского университета.
|
| 600 |
|
1 |
|a Флоринский
|b В. М.
|g Василий Маркович
|c российский врач
|c государственный деятель
|c писатель
|f 1834-1899
|y Томск
|2 stltpush
|3 (RuTPU)RU\TPU\pers\12383
|
| 606 |
1 |
|
|a Библиотечное дело
|y Россия
|y СССР
|x История
|2 stltpush
|3 (RuTPU)RU\TPU\subj\28617
|
| 610 |
1 |
|
|a библиотеки
|
| 610 |
1 |
|
|a Томск
|
| 610 |
1 |
|
|a Сибирь
|
| 610 |
1 |
|
|a университетские библиотеки
|
| 610 |
1 |
|
|a ТГУ
|
| 610 |
1 |
|
|a Томский государственный университет
|
| 610 |
1 |
|
|a биографии
|
| 610 |
1 |
|
|a персоналии
|
| 610 |
1 |
|
|a дары библиотеке
|
| 610 |
1 |
|
|a дары автора
|
| 686 |
|
|
|a Ч733
|v LBC/SL-A
|2 rubbk
|
| 700 |
|
1 |
|a Колосова
|b Г. И.
|c зав. отделом редких книг и рукописей НБ ТГУ
|g Галина Иосифовна
|2 stltpush
|3 (RuTPU)RU\TPU\pers\19045
|9 7166
|
| 712 |
0 |
2 |
|a Томский государственный университет (ТГУ)
|b Научная библиотека
|2 stltpush
|3 (RuTPU)RU\TPU\col\3244
|
| 801 |
|
1 |
|a RU
|b 63413507
|c 20190124
|
| 801 |
|
2 |
|a RU
|b 63413507
|c 20190214
|g RCR
|
| 942 |
|
|
|c BK
|